Hindi-English-Oriya Ajanta's Comprehensive Dictionary (Record no. 49182)
[ view plain ]
| 000 -LEADER | |
|---|---|
| fixed length control field | 00508nam a2200181Ia 4500 |
| 008 - FIXED-LENGTH DATA ELEMENTS--GENERAL INFORMATION | |
| fixed length control field | 230524s9999 xx 000 0 und d |
| 020 ## - INTERNATIONAL STANDARD BOOK NUMBER | |
| ISBN | 978838057224 |
| 082 ## - DEWEY DECIMAL CLASSIFICATION NUMBER | |
| Classification number | 1.42 |
| Item number | TRI |
| 100 ## - MAIN ENTRY--AUTHOR NAME | |
| Personal name | V.D.Ojha |
| 245 #0 - TITLE STATEMENT | |
| Title | Hindi-English-Oriya Ajanta's Comprehensive Dictionary |
| 250 ## - EDITION STATEMENT | |
| Edition statement | 26TH |
| 260 ## - PUBLICATION, DISTRIBUTION, ETC. (IMPRINT) | |
| Place of publication | NEW YORK |
| Name of publisher | Ajanta |
| Year of publication | 2010 |
| 300 ## - PHYSICAL DESCRIPTION | |
| Number of Pages | XII;1242 |
| 500 ## - GENERAL NOTE | |
| General note | Quantity Number: 1 |
| 650 ## - SUBJECT ADDED ENTRY--TOPICAL TERM | |
| Topical Term | English |
| 700 ## - ADDED ENTRY--PERSONAL NAME | |
| Personal name | " Rachana Narang , Sanjaya Kumar Dash (Compiled By),,," |
| 942 ## - ADDED ENTRY ELEMENTS (KOHA) | |
| Koha item type | Books |
| Lost status | Damaged status | Permanent Location | Current Location | Shelving location | Date acquired | Full call number | Accession Number | Koha item type |
|---|---|---|---|---|---|---|---|---|
| Central Library, Trident Academy of Technology | Central Library, Trident Academy of Technology | General Stacks | 05/24/2023 | 001.42 TRI | 42609 | Books |
